000 00707cam a22002411 4500
001 30996
003 BD-RjUL
005 20211209051640.0
008 140413t1935 ii 000 0 eng d
035 _a(BD-RjUL)31083
035 _a(OCoLC)6264162
040 _aDLC
_cTNJ
_dDLC
_dBD-RjUL
_beng
041 _aeng
082 0 4 _a181.4
_bSIE 1935
100 1 _aSircar, Mahendranath,
_d1887-
_994226
245 1 0 _aEastern lights :
_ba brief account of some phases of life, thought and mysticism in India /
260 _aCalcutta :
_bArya Pub. House,
_c1935.
300 _axiii, 305 p. ;
_c21 cm.
650 0 _aMysticism
_zIndia.
_994227
942 _2ddc
_cBK
999 _c30996
_d30996